MDQL
is popping MORE tags! Check the
thread
!
Quizzes
Events
Quiz Creation
Community
Videos
Private Events
Remove Ads
Sign In
Join for FREE
Feedback
Dark Mode
Quiz Categories
Sports
Geography
Music
Movies
Television
Just For Fun
Miscellaneous
History
Literature
Language
Science
Gaming
Entertainment
Religion
Holiday
For Kids
Quiz Lab
Recent
Popular Today
Quiz Kudos Today
Editor Picks
Curator Picks
Quizzes by...
Day
Popularity
Type
Ratings
Length
Year
Community
Subscriptions
Recent Discussions
Orange Saloon
Badges
Playlists
Quests
Create
Leaderboards
Showdown
Live 5
Trivia Bingo
Activity
Puzzle Library
Sporcle Events
Private Events
Virtual Trivia
Globe League
Become a Host
Pub Owners
SporcleCon
Opinionation
Our Games
Videos
Blog
Mobile Apps
Partnerships
Remove Ads and Go Orange
Feedback
Sports
Athletes
MLB
NBA
NHL
NFL
Soccer
Sports Teams
WWE
NCAA
Football
Premier League
Basketball
Baseball
Hockey
Golf
Tennis
Cricket
Rugby
Auto Racing
Olympics
World Cup
Sports
Athletes
MLB
NBA
NHL
NFL
Soccer
Sports Teams
WWE
NCAA
Football
Premier League
Basketball
Baseball
Hockey
Golf
Tennis
Cricket
Rugby
Auto Racing
Olympics
World Cup
Random Quiz
Search Sporcle
×
Quiz Lab
Quiz Lab
Sports
NFL
Type in answers that appear in a list
Type in answers that appear in a list
Classic
Best Score? Go Orange.
NFL Top Rated Passers Stats
Can you name the NFL Top Rated Passers?
By
TLSteen
5m
49 Questions
431 Plays
431 Plays
431 Plays
Comments
Comments
Give Quiz Kudos
Give Quiz Kudos
-
- Ratings
hide this ad
Replay
Link that replays current quiz
Next Quiz
Link to next quiz in quiz playlist
You Got
0%
They Got
Avg Score
69%
Avg Friend Score
Upgrade to see
Score Distribution
Jump to the score distribution portion of the page
Score
0/49
Timer
05:00
0
Plays Today
Year
Quarterback
% Correct
2004
Peyton Manning
99.5%
2005
Peyton Manning
99.5%
2006
Peyton Manning
99.5%
2007
Tom Brady
98.6%
1991
Steve Young
98.1%
1992
Steve Young
98.1%
1993
Steve Young
98.1%
1994
Steve Young
98.1%
1996
Steve Young
98.1%
1997
Steve Young
98.1%
2008
Philip Rivers
97.2%
1999
Kurt Warner
97%
2001
Kurt Warner
97%
1987
Joe Montana
96.3%
1989
Joe Montana
96.3%
2003
Steve McNair
92.6%
1990
Jim Kelly
88.6%
1984
Dan Marino
86.5%
1964
Bart Starr
84.5%
1966
Bart Starr
84.5%
2002
Chad Pennington
84.5%
1971
Roger Staubach
80.3%
1973
Roger Staubach
80.3%
1978
Roger Staubach
80.3%
1979
Roger Staubach
80.3%
Year
Quarterback
% Correct
1988
Boomer Esiason
80.3%
1965
Johnny Unitas
78.2%
1977
Bob Griese
71.5%
2000
Brian Griese
71.2%
1998
Randall Cunningham
70.1%
1976
Ken Stabler
58%
1974
Ken Anderson
53.8%
1975
Ken Anderson
53.8%
1981
Ken Anderson
53.8%
1982
Ken Anderson
53.8%
1963
Y.A. Tittle
51.3%
1962
Len Dawson
51%
1968
Len Dawson
51%
1995
Jim Harbaugh
49.2%
1960
Milt Plum
49%
1985
Ken O'Brien
37.8%
1980
Brian Sipe
30.6%
1967
Sonny Jurgensen
29%
1983
Steve Bartkowski
26.7%
1970
John Brodie
19.7%
1986
Tommy Kramer
19.5%
1972
Billy Kilmer
16.2%
1961
Billy Wade
4.2%
1969
Greg Cook
3.7%
Quiz Playlist
Details
Report
Send in Message
Add To Playlist
Classic:
Type in answers that appear in a list
Last Updated: Feb 16, 2017
Quiz Scoreboard
CHALLENGE
Sign Up to Join the Scoreboard
Show All
Scores
Hide
Comments
May contain spoilers
Recently Published
5x2 Blitz: Bands
by SL_Kpop136
Music
30s
Colored Red Africa Blitz
by spor1
Geography
30s
Find the 'City' Movie
by crazypaving
Movies
60s
More to Explore
Quiz From the Vault
Featured Blog Post
14 Easter Pick-up Lines to Find Eggs With
hide this ad
You Might Also Like...
Tags
NFL Quiz
Passers
Quarterbacks
Rated
team
Top Rated
Today's Top Quizzes in Sports
Browse Sports
hide this ad
Today's Top Quizzes in NFL
Browse NFL
Top Contributed Quizzes in Sports
1
Players with Multiple 50 Home Run Seasons
2
Les entraîneurs de l'OM et du PSG au 21e siècle
3
Criteria MLB: Left Handed Sluggers
4
2022 World Cup Stars
5
Les meilleurs buteurs des matchs entre le PSG et l’OM
6
Who Hit More Homers?
7
Les joueurs passés par le PSG et l'OM
8
NBA Logic Puzzle 2.0
9
Top 10 NHL Goal Scorers of All Time
10
MLB Players with Two .350 Batting Average Seasons
Explore More
Trending Topics
Marvel
Kpop
Anime
NBA
Disney
Harry Potter
Crossword
Soccer
Song
Puzzle
The Office
Pokémon
WWE
Country
NFL
hide this ad
More By:
TLSteen
Quiz
Plays
Rating
Category
Featured
Created
NFL Top Rated Passers
431
5.00
Sports
Nov 4, 2009
Go to Creator's Profile
Score Distribution
Quiz Creator Spotlight
TLSteen
Follow
Send a Message
Quizzes Created
-
Created Quiz Play Count
-
More By This Creator
Popular Quizzes Today
1
Find the 'City' Movie
2
Colored Red Africa Blitz
3
Find the US States - No Outlines Minefield
4
5x2 Blitz: Bands
5
The Countries of the World
6
Find the US States
7
US States
8
9x9 Crossword: Cartoon Network
More Sports Quizzes
Tic Tac Know: Multiple Cy Youngs
Curator's Pick
Trending Quizzes
Colored Red Europe Blitz I
Colored Red Africa Blitz II
Colored Red Europe Blitz II
Colored Red Africa Blitz III
Colored Red Europe Blitz III
Recently Updated
2024 March Madness Bracket
pecheneg
Famous TV Couples
Peacemaker
Champions League XIs: Real Madrid
pecheneg
Largest US Cities 1790-2010
pecheneg
Rides in Walt Disney World
pecheneg
Most Oscar Losses (Acting)
pecheneg
Beyoncé Albums
pecheneg
Leaping Animals
pecheneg
Reality TV Shows (A-Z)
bhenderson79
Rickey Henderson's Hall of Fame Teammates
pecheneg
Trending Topics
Marvel
NBA
Harry Potter
Crossword
Anime
Disney
Kpop
NFL
Pokémon
Soccer
The Office
Puzzle
WWE
Song
Country
Your Account Isn't Verified!
In order to create a playlist on Sporcle, you need to verify the email address you used during registration. Go to your
Sporcle Settings
to finish the process.
Report this User
Report this user for behavior that violates our
Community Guidelines
.
Details:
Send Report
Go to the Sporcle.com Mobile Site →
Comments